1798 1605 1366 1643 1666 1984 1928 1686 1488 1489 1799 1329 1641 1553 1992 1284 1680 1208 1241 1028 1541 1588 1663 1106 1449 1534 1612 1083 1702 1197 1427 1482 1372 1151 1541 1520 1191 1551 1382 1004 1252 1079 1402 1117 1801 1798 1798 1333 1971 1783 1665 1593 1411 1710 1801 1625 1253 1918 1868 1760 1351 1896 1837 1318 1714 1318 1405 1234 1054 1610 1659 1909 1938 1568 1863 1473 1886 1362 1597 1529 1782 1689 1759 1002 1868 1669 1846 1438 1405 1589 1334 1480 1430 1942 1522 1338 1318 1489 1951 BCNSPRNW ULIB Ver.6.0+V

เปลี่ยนเป็นภาษาไทย

Change to English
 แสดงรายละเอียดบรรณานุกรม
  กลับหน้าหลัก

Brief Record : Get Marc (ISO 2709) : E-mail record : QR code < ปิดหน้าต่าง
LEADER : 00000nam 2200000uu 4500
001    13399122890
003     ULIB
008    131025s2555||||th 000 0 tha d
020    ^a9786162132209
050  4 ^aDS520^bส834ซ
100    ^aสุภฤกษ์ บุญทอง
245    ^aซัซะไดย...กัมพูชา/^cสุภฤกษ์ บุญทอง
250    ^aพิมพ์ครั้งที่ 1
260    ^aกรุงเทพฯ :^bสกายบุ๊กส์,^c2555
300    ^a72 หน้า
440  0 ^aชุด ประชาคมอาเซียนฉบับการ์ตูน
650  7 ^aอาเซียน^xเสริมความรู้
650  7 ^aกัมพูชา
945    ^p0^l0^i034108
999    ^aเกษร โพธิ์สุวรรณ
รายการนี้ยังไม่มีแท็ก
คุณยังไม่ได้ล็อกอิน คุณสามารถมีกิจกรรมร่วมกับเว็บไซต์ได้ แต่ต้องล็อกอินก่อน ::
  ล็อกอิน

รายการสื่อสารสนเทศ

ลำดับที่ ประเภท เลขเรียก/บาร์โค้ด สถานที่ สถานะ
1. Book การพยาบาล
Book การพยาบาล
DS520 ส834ซ  
  Barcode: 034108
ห้องสมุดวิทยาเขตสวรรค์ประชารักษ์
►หนังสือทั่วไป
บนชั้น

รายการใกล้เคียง
    ผู้แต่ง [สุภฤกษ์ บุญทอง]

    หัวเรื่อง [กัมพูชา]

BibComment


ยังไม่เคยถูกคอมเมนท์

คอมเมนท์ทรัพยากรรายการนี้
  คอมเมนท์: ซัซะไดยกัมพูชา ส..


 Copyright 2026. Bcnsprnw @Library